000
00323nam a2200145Ia 4500
008
230917s9999||||xx |||||||||||||| ||und||
020
_c
RS18
040
_e
192847
_a
MAIN
041
_a
English
082
_a
891.4398 Z13K
100
_a
Zaidi, Alijawah
245
0
_a
Kisida nigran
260
_a
Uttar Pradesh
942
_c
BK
999
_c
53942
_d
53942